| 000 | 00863nam a2200277Ia 4500 | ||
|---|---|---|---|
| 005 | 20250425161829.0 | ||
| 008 | 250425s9999 xx 000 0 und d | ||
| 020 | _a9580429456 | ||
| 041 | _aspa | ||
| 043 | _ack | ||
| 082 | _a398.21 | ||
| 100 | _aHATELEY, BARBARA "BJ | ||
| 245 | 0 | _aUN PAVO REAL EN EL REINO DE LOS PINGUINOS: FABULA SOBRE LOS RIESGOS Y POSIBILIDADES DE SER DIFERENTE EN EL MUNDO EMPRESARIAL | |
| 250 | _aS.E. | ||
| 260 | _aBOGOTA | ||
| 260 |
_aColombia _bGRUPO EDITORIAL NORMA S.A. _c1995 |
||
| 300 | _a132 | ||
| 500 | _aTÃtulo Traducido: A PEACOCK IN THE LAND OF PENGUINS: A TALE OF DIVERSITY AND DISCOVERY | ||
| 650 | _aCUENTOS | ||
| 650 | _aLITERATURA | ||
| 650 | _aNARRACION | ||
| 700 |
_aBEATRIZ CABALLERO Y MARIA DEL MAR RAVASSA _etraductor |
||
| 710 | _aGRUPO EDITORIAL NORMA S.A. | ||
| 942 | _c01 | ||
| 010 | _a31615 | ||
| 999 |
_c217010 _d217010 |
||